| Tag |
First Indicator |
Second Indicator |
Subfields |
| LEADER |
00000cam a2200000 a 4500 |
| 001 |
in00000009708 |
| 005 |
20151007051638.0 |
| 008 |
861029c19871986nyu 00010 eng |
| 010 |
|
|
|a 86029402
|
| 020 |
|
|
|a 0394561023
|
| 020 |
|
|
|a 0394623533 (pbk.)
|
| 035 |
|
|
|a (OCoLC)14718920
|
| 035 |
|
|
|9 AAA4082AM
|
| 040 |
|
|
|a DLC
|c DLC
|d TXA
|d UtOrBLW
|
| 049 |
|
|
|a TXAM
|c [A11034433]
|
| 050 |
0 |
0 |
|a PS3525.I5156
|b D3 1987
|
| 082 |
0 |
|
|a 812/.52
|2 19
|
| 100 |
1 |
|
|a Miller, Arthur,
|d 1915-2005.
|
| 245 |
1 |
0 |
|a Danger, memory! :
|b two plays /
|c Arthur Miller.
|
| 250 |
|
|
|a 1st ed.
|
| 264 |
|
1 |
|a New York :
|b Grove Press,
|c 1987
|
| 264 |
|
4 |
|c ©1986
|
| 300 |
|
|
|a 68 pages ;
|c 22 cm.
|
| 336 |
|
|
|a text
|b txt
|2 rdacontent
|
| 337 |
|
|
|a unmediated
|b n
|2 rdamedia
|
| 338 |
|
|
|a volume
|b nc
|2 rdacarrier
|
| 505 |
0 |
|
|a I can't remember anything -- Clara.
|
| 999 |
|
|
|a MARS
|
| 999 |
f |
f |
|s d82f284f-290d-3cd3-b3f6-1b9b76f72a3f
|i 8936eb16-5858-380e-8d6a-615e45b13025
|t 0
|
| 952 |
f |
f |
|p normal
|a Texas A&M University
|b College Station
|c Sterling C. Evans Library
|d Evans: Library Stacks
|t 0
|e PS3525.I5156 D3 1987
|h Library of Congress classification
|i unmediated -- volume
|m A14811034433
|
| 998 |
f |
f |
|a PS3525.I5156 D3 1987
|t 0
|l Evans: Library Stacks
|